Building information modelling; bim in current and future practice (Record no. 115399)

MARC details
000 -LEADER
fixed length control field 00652cam a22002055a 4500
001 - CONTROL NUMBER
control field L158582
008 - FIXED-LENGTH DATA ELEMENTS--GENERAL INFORMATION
fixed length control field 150506s2014 xxk f 000 0 eng d
020 ## - INTERNATIONAL STANDARD BOOK NUMBER
International Standard Book Number 9781118766309
035 ## - SYSTEM CONTROL NUMBER
System control number (Sirsi) u158582
041 0# - LANGUAGE CODE
Language code of text/sound track or separate title eng
100 1# - MAIN ENTRY--PERSONAL NAME
Personal name Kensek, Karen
245 00 - TITLE STATEMENT
Title Building information modelling; bim in current and future practice
260 ## - PUBLICATION, DISTRIBUTION, ETC.
Place of publication, distribution, etc. New Jersey
Name of publisher, distributor, etc. wiley
Date of publication, distribution, etc. 2014
520 ## - SUMMARY, ETC.
Summary, etc. Features chapters on Design Thinking and BIM, BIM Analytics, Comprehensive BIM, Reasoning with BIM, Professional BIM, BIM Speculations
521 ## - TARGET AUDIENCE NOTE
Target audience note Advanced
651 #4 - SUBJECT ADDED ENTRY--GEOGRAPHIC NAME
Geographic name United Kingdom
Chronological subdivision
690 ## - LOCAL SUBJECT ADDED ENTRY--TOPICAL TERM (OCLC, RLIN)
Topical term or geographic name as entry element CONSTRUCTION
700 1# - ADDED ENTRY--PERSONAL NAME
Personal name Noble, Douglas
942 ## - ADDED ENTRY ELEMENTS (KOHA)
Suppress in OPAC 0
Holdings
Withdrawn status Lost status Source of classification or shelving scheme Damaged status Not for loan Home library Current library Shelving location Date acquired Total Checkouts Full call number Barcode Date last seen Copy number Price effective from Koha item type
    Dewey Decimal Classification     London London Books 06/05/2015   692.8 KEN 30079022 06/08/2019 1 06/08/2019 Book